000 00536nam a2200169 a 4500
001 000026169
005 20200930024348.0
008 110303s1967 dr 000 0 spa d
040 _aDO-SdBNP
_bspa
_cBNPHU
100 1 _aPattee, Ricardo
_953172
245 1 3 _ala República Dominicana /
_cRicardo, Pattee.
260 _aMadrid:
_aEdiciones Cultura Hispánica,
_c1967.
300 _a361 P. ;
_c21 cm.
500 _aIcluye referencias bibliográficos y notas al pie de las páginas
504 _aBibliografía: p. 349-359
049 _aBNPD
999 _c25661
_d25661